Toute les races de vaches laitières - Statistiques

Statistiques générales
  • Ce quiz a été pris 56 fois
  • Le résultat moyen est 2 sur 8
Statistiques - réponses
Réponses % Correct
1 Abondance
51%
3 Brune
51%
5 Jersiaise
49%
7 Prim'Holstien
13%
2 Bordelaise
10%
6 Pie rouge des plaines
8%
8 Rouge flamande
8%
4 Froment du Léon
5%
Aucun quiz correspondant
Distribution des résultats
% des personnes avec chaque résultat
Percentile par nombre de réponses
Votre historique - résultats
Vous n’avez pas pris ce quiz